• 首页
  • 本馆介绍
  • 公告通知
  • 最新文献
  • 馆藏检索
  • 电子资源
  • 读者导购
  • 参考咨询
  • 我的图书馆
  • 登录
  • 详细信息显示
  • 放入我的书架
  • 预约/预借图书
  • 作者相关作品
  • 分类相关作品
  • 丛书相关作品
  • 出版社相关作品

书目信息

  • 表格格式
  • 工作单格式
  • 卡片格式
题名:
李贽
    
 
作者: 鄢烈山 著
分册:  
出版信息: 沈阳   辽宁人民出版社  2015.09
页数: 245页
开本: 24cm
丛书名: 文化怪杰
单 册:
中图分类: I253.7 , B248.915
科图分类:
主题词: 传记文学--中国--当代
电子资源:
ISBN: 978-7-205-08346-5
000 01015oam2 2200301 450
001 0120151669777
005 20171110091907.95
010    @a978-7-205-08346-5@dCNY31.80
100    @a20151008d2015 em y0chiy50 ea
101 0  @achi
102    @aCN@b210000
105    @aac z 000yb
106    @ar
200 1  @a李贽@9li zhi@e告别中庸@f鄢烈山著
210    @a沈阳@c辽宁人民出版社@d2015.09
215    @a245页@c图,画像@d24cm
225 2  @a文化怪杰
330    @a本书介绍了明代著名思想家李贽的半生经历,作者将李贽的心路历程、仕途坎坷、交友受访等多方面生活内容以流畅的文笔汩汩道出。主要内容包括:辞官云南、求友黄安、削发麻城、初居龙潭、厄难武昌、困斗龙潭等十部分。
333    @a一般读者
461  0 @12001 @a文化怪杰
517 1  @a告别中庸@9gao bie zhong yong
600  0 @a李贽@f(1527-1602)@x传记
606 0  @a传记文学@y中国@z当代
690    @aI253.7@v5
690    @aB248.915@v5
701  0 @a鄢烈山@9yan lie shan@f(1952-)@4著
801  0 @aCN@b人天书店@c20151008
905    @b1075728-33@dI253.7@e1019@f6
    
    李贽:告别中庸/鄢烈山著.-沈阳:辽宁人民出版社,2015.09
    245页:图,画像;24cm.-(文化怪杰)
    使用对象:一般读者
    
    ISBN 978-7-205-08346-5:CNY31.80
    本书介绍了明代著名思想家李贽的半生经历,作者将李贽的心路历程、仕途坎坷、交友受访等多方面生活内容以流畅的文笔汩汩道出。主要内容包括:辞官云南、求友黄安、削发麻城、初居龙潭、厄难武昌、困斗龙潭等十部分。
●
相关链接 在E读中查询图书 在五车中查询图书 在当当中查询图书 在豆瓣中查询图书


正题名:李贽     索取号:I253.7/1019         预约/预借

序号 登录号 条形码 馆藏地/架位号 状态 备注
1 1075728   210757288   第一样本阅览室/ [索取号:I253.7/1019] 在馆    
2 1075729   210757297   密集书库-文学院/ [索取号:I253.7/1019] 在馆    
3 1075730   210757304   第二借阅区/ [索取号:I253.7/1019] 在馆    
4 1075731   210757313   第二借阅区/ [索取号:I253.7/1019] 在馆    
5 1075732   210757322   第二借阅区/ [索取号:I253.7/1019] 在馆    
6 1075733   210757331   第二借阅区/ [索取号:I253.7/1019] 在馆    
唐山师范学院图书馆 欢迎您!
大连网信软件有限公司© 版权所有